00246nam a2200097Ia 4500008004100000082002000041100001400061245003300075260003100108300000900139210430s9999 xx 000 0 und d a355.021 W2531 W aEG Archer aWarheads HandbookcEG Archer aIslamabadbEG Archerc1991 a156p